[Event "Sachsen-Anhalt-ch op"]
[Site "Magdeburg"]
[Date "2021.10.28"]
[Round "2"]
[White "Bartels, Sebastian"]
[Black "Knappe, Stefan1111"]
[Result "1-0"]
[WhiteElo "1671"]
[BlackElo "1362"]
[PlyCount "26"]
[EventDate "2021.10.28"]
[EventType "swiss"]
[EventRounds "7"]
[EventCountry "GER"]
[SourceTitle "CBM 205 Extra"]
[Source "ChessBase"]
[SourceDate "2022.01.31"]
[SourceVersion "1"]
[SourceVersionDate "2022.01.31"]
[SourceQuality "1"]

1. e4 c5 2. Nf3 e6 3. d4 Nc6 4. d5 exd5 5. exd5 Qe7+ 6. Be2 Nb4 7. 0-0 Qe4 8. Re1 Qxc2 9. Bd3+ Kd8 10. Bxc2 d6 11. Ba4 a6 12. a3 b5 13. axb4 cxb4 1-0

[Event "GER Pfingstopen U16"]
[Site "Playchess.com INT"]
[Date "2020.06.05"]
[Round "6"]
[White "Bartels, Sebastian"]
[Black "Borgstaedt, Leif Jona"]
[Result "0-1"]
[WhiteElo "1620"]
[BlackElo "1319"]
[PlyCount "44"]
[EventDate "2020.06.05"]
[EventType "swiss (blitz)"]
[EventRounds "11"]
[EventCountry "GER"]
[SourceTitle "CBM 197 Extra"]
[Source "ChessBase"]
[SourceDate "2020.09.30"]
[SourceVersion "1"]
[SourceVersionDate "2020.09.30"]
[SourceQuality "1"]

1. e4 e5 2. Nf3 Nf6 3. Nc3 Nc6 4. d3 Bb4 5. Bd2 d6 6. Be2 Bg4 7. 0-0 0-0 8. a3 Ba5 9. Nd5 Bxd2 10. Qxd2 Nxd5 11. exd5 Ne7 12. c4 c6 13. dxc6 bxc6 14. Nh4 Bxe2 15. Qxe2 Ng6 16. Nf5 Qf6 17. Qf3 Nf4 18. Ne3 Rac8 19. Rfd1 Qg5 20. d4 Rfe8 21. d5 e4 22. Qg3 Ne2+ 0-1

[Event "GER Pfingstopen U16"]
[Site "Playchess.com INT"]
[Date "2020.06.05"]
[Round "5"]
[White "Bartels, Sebastian"]
[Black "Grave, Lukas"]
[Result "1-0"]
[WhiteElo "1620"]
[BlackElo "1358"]
[PlyCount "139"]
[EventDate "2020.06.05"]
[EventType "swiss (blitz)"]
[EventRounds "11"]
[EventCountry "GER"]
[SourceTitle "CBM 197 Extra"]
[Source "ChessBase"]
[SourceDate "2020.09.30"]
[SourceVersion "1"]
[SourceVersionDate "2020.09.30"]
[SourceQuality "1"]

1. e4 e5 2. Nf3 Nc6 3. Bc4 Bc5 4. c3 Nf6 5. d4 exd4 6. e5 Ne4 7. cxd4 Bb4+ 8. Bd2 Bxd2+ 9. Nbxd2 Nxd2 10. Qxd2 d6 11. 0-0-0 dxe5 12. dxe5 Qxd2+ 13. Rxd2 0-0 14. Rhd1 Bg4 15. h3 Bxf3 16. gxf3 Nxe5 17. Bd5 c6 18. Be4 f5 19. Bc2 Nxf3 20. Rd7 b5 21. Rc7 Rac8 22. Rxa7 Rf7 23. Bb3 Ne5 24. Bxf7+ Nxf7 25. Rdd7 Rf8 26. Rdc7 g5 27. Kd2 h5 28. b3 g4 29. hxg4 fxg4 30. Rxc6 h4 31. Rg6+ Kh7 32. Rxg4 Rd8+ 33. Kc2 Rc8+ 34. Kb2 Rf8 35. Rxh4+ Kg6 36. Rg4+ Kf5 37. Rg3 Ne5 38. Rag7 Kf4 39. Re7 Ng4 40. Rg1 Nxf2 41. Rf1 Kg3 42. Rg7+ Kf3 43. Kc2 Ke2 44. Rfg1 Ra8 45. Kb1 Rd8 46. Rf7 Nd3 47. Rg2+ Ke3 48. Rg3+ Ke4 49. Kc2 Nb4+ 50. Kb2 Nd3+ 51. Kc3 Ne5 52. Re7 Rc8+ 53. Kd2 Rd8+ 54. Ke2 Kf4 55. Re3 Ng4 56. Rf3+ Kg5 57. Rg7+ Kh4 58. Rf4 Re8+ 59. Kf1 Kg3 60. Rgxg4+ Kh3 61. Rg2 Re1+ 62. Kxe1 b4 63. Rxb4 Kxg2 64. a4 Kf3 65. a5 Ke3 66. Rc4 Kd3 67. a6 Ke3 68. a7 Kd3 69. a8Q Ke3 70. Qe4# 1-0